[Event "39th TCh-GRE"]
[Site "Eretria GRE"]
[Date "2011.07.04"]
[Round "2.9"]
[White "Androni, Konstantina"]
[Black "Mitrou, Vasiliki"]
[Result "1-0"]
[WhiteElo "1967"]
[BlackElo "1766"]
[WhiteTeam "S.A.S. Koropiou"]
[BlackTeam "Chess Academy Thes. Galaxias"]
[WhiteFideId "4215362"]
[BlackFideId "4218566"]
[EventDate "2011.07.03"]

1. d4 Nf6 2. c4 g6 3. Nc3 Bg7 4. e4 d6 5. f3 O-O 6. Be3 c6 7. Qd2 e5 8. d5 cxd5
9. exd5 Bd7 10. g4 Na6 11. Nge2 Nc5 12. Ng3 Qe7 13. O-O-O Rfc8 14. Kb1 a6 15. h4
Rab8 16. h5 b5 17. Bh6 bxc4 18. Bxg7 Kxg7 19. hxg6 fxg6 20. Qh6+ Kg8 21. g5 Ne8
22. Rd2 Rc7 23. Rdh2 Qf7 24. Ka1 Bb5 25. Bh3 Qg7 26. Qh4 Rf7 27. Nge4 Nxe4 28.
Qxe4 Nc7 29. Be6 Nxe6 30. dxe6 Re7 31. Nd5 Rxe6 32. Nf6+ Rxf6 33. gxf6 Qxf6 34.
Rxh7 Re8 35. R1h6 Qf5 36. Rxg6+ 1-0

[Event "39th TCh-GRE"]
[Site "Eretria GRE"]
[Date "2011.07.04"]
[Round "2.9"]
[White "Papathanasiou, Elisavet"]
[Black "Androni, Dimitra"]
[Result "1-0"]
[WhiteElo "1884"]
[BlackElo "1528"]
[WhiteTeam "Chess Academy Thes. Galaxias"]
[BlackTeam "S.A.S. Koropiou"]
[WhiteFideId "4222687"]
[BlackFideId "4220625"]
[EventDate "2011.07.03"]

1. d4 f5 2. e4 Nf6 3. e5 Nd5 4. Nf3 e6 5. Bg5 Ne7 6. Nc3 h6 7. Bd2 d6 8. Bd3
Nbc6 9. Qe2 d5 10. a3 g5 11. h3 Ng6 12. g4 Bg7 13. gxf5 exf5 14. O-O-O Be6 15.
Rhg1 Qd7 16. Na4 Bf8 17. Be3 O-O-O 18. Nc3 Nge7 19. Bb5 f4 20. Bd2 Bxh3 21. Na4
Nf5 22. Bb4 g4 23. Bxf8 Rdxf8 24. Nh2 g3 25. fxg3 fxg3 26. Nf3 h5 27. Nc5 Qh7
28. Kb1 Nce7 29. Bd7+ Kd8 30. Qb5 Ng6 31. Ne6+ Ke7 32. Nxf8 Nxf8 33. Ng5 Qg6 34.
Nxh3 Nxd7 35. Nf4 Qf7 36. e6 Qe8 37. exd7 Qxd7 38. Ng6+ 1-0

[Event "39th TCh-GRE"]
[Site "Eretria GRE"]
[Date "2011.07.04"]
[Round "2.9"]
[White "Adamos, Thomas"]
[Black "Galopoulos, Nikolaos"]
[Result "0-1"]
[WhiteElo "1763"]
[BlackElo "2327"]
[WhiteTeam "S.A.S. Koropiou"]
[BlackTeam "Chess Academy Thes. Galaxias"]
[WhiteFideId "4220552"]
[BlackFideId "4208951"]
[EventDate "2011.07.03"]

1. e4 c5 2. Nf3 e6 3. d4 cxd4 4. Nxd4 Nf6 5. Nc3 Nc6 6. Ndb5 Bc5 7. Be2 d6 8. a3
a6 9. b4 Bxf2+ 10. Kxf2 axb5 11. Bxb5 Ke7 12. Bxc6 Qb6+ 13. Be3 Qxc6 14. e5 dxe5
15. Bc5+ Ke8 16. Qd6 Qxd6 17. Bxd6 Bd7 18. h3 Rc8 19. Bxe5 Rxc3 20. Bxc3 Ne4+
21. Ke3 Nxc3 22. Kd4 Nb5+ 23. Kd3 Ke7 24. c4 Nc7 25. a4 e5 26. Ke3 Be6 27. Rhc1
Rd8 28. b5 Rd4 29. b6 Na6 30. c5 Bd5 31. g3 Kd7 32. c6+ Bxc6 33. Rd1 Bxa4 34.
Rxd4+ exd4+ 35. Kxd4 Bb3 36. Rc1 Be6 37. h4 Kd6 38. Rc3 h5 39. Rc1 Nb8 40. Rc3
Bd5 41. Rc1 Nd7 0-1

[Event "39th TCh-GRE"]
[Site "Eretria GRE"]
[Date "2011.07.04"]
[Round "2.9"]
[White "Vasiliadis, Antony"]
[Black "Karathanasis, Vlasis"]
[Result "0-1"]
[WhiteElo "1634"]
[BlackElo "1577"]
[WhiteTeam "Chess Academy Thes. Galaxias"]
[BlackTeam "S.A.S. Koropiou"]
[WhiteFideId "2917513"]
[BlackFideId "4243030"]
[EventDate "2011.07.03"]

1. e4 e5 2. Nf3 Nc6 3. Bc4 Bc5 4. d3 Nf6 5. Bg5 h6 6. Bh4 d6 7. h3 Bd7 8. Nc3 g5
9. Bg3 Qe7 10. Na4 Bb6 11. Nxb6 axb6 12. Qe2 Be6 13. Bxe6 Qxe6 14. a3 Rg8 15. c3
Ne7 16. Nd2 Ng6 17. Nf1 Nf4 18. Bxf4 gxf4 19. g3 fxg3 20. Nxg3 Kd7 21. c4 Rg6
22. Qc2 c6 23. Qc3 Rag8 24. Kd2 h5 25. h4 Qg4 26. Raf1 Qf4+ 27. Kc2 Qf3 28. d4
Qxc3+ 29. bxc3 Kc7 30. Rd1 Rg4 31. dxe5 dxe5 32. Rde1 Rf4 33. Re2 Rgg4 34. Kd3
Rxh4 35. Rxh4 Rxh4 36. Nf5 Rf4 37. Ng3 h4 38. Nf5 h3 39. Ng3 Rf3+ 40. Kd2 h2 41.
Nh1 Ng4 42. Ke1 Rxc3 43. Kf1 Rxa3 44. Kg2 Rc3 45. f3 Ne3+ 46. Kxh2 Nxc4 0-1

[Event "39th TCh-GRE"]
[Site "Eretria GRE"]
[Date "2011.07.04"]
[Round "2.10"]
[White "Tepelenis, Nikolaos"]
[Black "Bartel, Mateusz"]
[Result "0-1"]
[BlackTitle "GM"]
[WhiteElo "2156"]
[BlackElo "2611"]
[WhiteTeam "Association of Chess Players of Ioannina"]
[BlackTeam "Chess Academy of Gazi 2099"]
[WhiteFideId "4207599"]
[BlackFideId "1112635"]
[EventDate "2011.07.03"]

1. d4 f5 2. g3 Nf6 3. Bg2 g6 4. Nf3 Bg7 5. O-O O-O 6. c4 d6 7. Nc3 c6 8. Qc2 Na6
9. Re1 Kh8 10. Bg5 Nh5 11. h3 h6 12. Bd2 e5 13. dxe5 dxe5 14. Rad1 Qe8 15. e4 f4
16. g4 Nf6 17. Na4 h5 18. g5 Nh7 19. c5 Nc7 20. Ba5 Nb5 21. Rd8 Qe7 22. Rxf8+
Nxf8 23. Bc3 Nxc3 24. Qxc3 Ne6 25. h4 Nc7 26. b3 Bg4 27. Kh2 Rd8 28. Nb2 Nb5 29.
Qc1 Bf8 30. b4 a5 31. a4 Bxf3 32. Bxf3 Nd4 0-1

[Event "39th TCh-GRE"]
[Site "Eretria GRE"]
[Date "2011.07.04"]
[Round "2.10"]
[White "Emmanouilidis, Kostas"]
[Black "Papathanasiou, Alexios"]
[Result "1-0"]
[WhiteElo "1985"]
[BlackElo "1717"]
[WhiteTeam "Chess Academy of Gazi 2099"]
[BlackTeam "Association of Chess Players of Ioannina"]
[WhiteFideId "4260260"]
[BlackFideId "4222679"]
[EventDate "2011.07.03"]

1. e4 c5 2. Nf3 e6 3. d3 Nc6 4. g3 Qc7 5. Bg2 Nf6 6. O-O h5 7. Nc3 a6 8. Re1 Be7
9. e5 Ng4 10. Bf4 d5 11. h4 b5 12. Qe2 Qb6 13. Rad1 b4 14. Nb1 a5 15. Nbd2 Ba6
16. Nf1 Rc8 17. Ne3 Nh6 18. Qd2 a4 19. Ng5 Bd8 20. Qe2 Nd4 21. Qd2 Qb5 22. c3
Ndf5 23. c4 dxc4 24. dxc4 Qb6 25. Nxf5 Nxf5 26. Qd7+ 1-0

[Event "39th TCh-GRE"]
[Site "Eretria GRE"]
[Date "2011.07.04"]
[Round "2.10"]
[White "Sigkounas, Alkis"]
[Black "Sandalakis, Nikolaos"]
[Result "1-0"]
[WhiteElo "1727"]
[BlackElo "1925"]
[WhiteTeam "Association of Chess Players of Ioannina"]
[BlackTeam "Chess Academy of Gazi 2099"]
[WhiteFideId "4238842"]
[BlackFideId "4222890"]
[EventDate "2011.07.03"]

1. d4 Nf6 2. c4 e6 3. Nc3 Bb4 4. a3 Bxc3+ 5. bxc3 b6 6. f3 Nc6 7. e4 Ba6 8. Bd3
Na5 9. Qe2 Nb3 10. Rb1 Nxc1 11. Rxc1 d6 12. f4 e5 13. fxe5 dxe5 14. Nf3 Nd7 15.
O-O O-O 16. Ne1 Qg5 17. Nc2 Rae8 18. Ne3 exd4 19. cxd4 f5 20. Nd5 Bb7 21. Nxc7
fxe4 22. Nxe8 exd3 23. Qe6+ Kh8 24. d5 d2 25. Rcd1 Rg8 26. Qxd7 Qe3+ 27. Kh1
Rxe8 28. Qxb7 Qe2 29. Qf7 1-0

[Event "39th TCh-GRE"]
[Site "Eretria GRE"]
[Date "2011.07.04"]
[Round "2.11"]
[White "Zubarev, Alexander1"]
[Black "Psaras, Stilianos"]
[Result "1-0"]
[WhiteTitle "GM"]
[WhiteElo "2597"]
[BlackElo "2098"]
[WhiteTeam "O.A.A. Heraklion"]
[BlackTeam "Peiraikos OS"]
[WhiteFideId "14104385"]
[BlackFideId "4200888"]
[EventDate "2011.07.03"]

1. Nf3 e6 2. c4 d5 3. d4 c5 4. cxd5 exd5 5. g3 Nc6 6. Bg2 cxd4 7. Nxd4 Nf6 8.
Nc3 Be7 9. O-O O-O 10. Bg5 h6 11. Bf4 Be6 12. Nxe6 fxe6 13. Qc2 Qe8 14. Rad1 Qh5
15. Qb3 Na5 16. Qb5 b6 17. b4 Rac8 18. bxa5 Rxc3 19. axb6 axb6 20. Qxb6 Qf5 21.
Qb1 Qh5 22. h3 Bc5 23. Rc1 Rxc1 24. Qxc1 Rc8 25. Qb2 Re8 26. Qb5 Bf8 27. a4 Qf7
28. Be5 Nd7 29. Bd4 Rb8 30. Qc6 Rb4 31. e3 Rc4 32. Qa8 Kh7 33. Rd1 Rc2 34. e4
Bc5 35. Bxc5 Nxc5 36. Rf1 d4 37. e5 Qf5 38. a5 d3 39. a6 d2 40. a7 Ra2 41. Qc6
d1=Q 42. Rxd1 Qxf2+ 43. Kh2 Rxa7 44. Rc1 Ra5 45. Rc4 Qe3 46. Re4 Qc1 47. Rf4 Ra2
48. h4 Qe3 49. Kh3 Qxe5 50. Qf3 Re2 51. h5 Nd7 52. Qd3+ Kg8 53. Bf3 1-0

[Event "39th TCh-GRE"]
[Site "Eretria GRE"]
[Date "2011.07.04"]
[Round "2.11"]
[White "Tsomis, Dimitrios"]
[Black "Ris, Robert"]
[Result "0-1"]
[WhiteTitle "FM"]
[BlackTitle "IM"]
[WhiteElo "2187"]
[BlackElo "2395"]
[WhiteTeam "Peiraikos OS"]
[BlackTeam "O.A.A. Heraklion"]
[WhiteFideId "4201280"]
[BlackFideId "1011480"]
[EventDate "2011.07.03"]

1. e4 e5 2. Nf3 Nc6 3. Bb5 Nf6 4. O-O Bc5 5. c3 O-O 6. d4 Bb6 7. dxe5 Nxe4 8.
Qe2 d5 9. h3 Ng3 10. Qd1 Nxf1 11. Bxf1 Bf5 12. Bf4 f6 13. exf6 Qxf6 14. Bg3 Bxh3
15. Qxd5+ Be6 16. Qh5 Bf7 17. Qh2 Rae8 18. Nbd2 h6 19. Bxc7 Bxc7 20. Qxc7 Re7
21. Qg3 Bd5 22. a4 g5 23. Bc4 Bxc4 24. Nxc4 Qf4 25. Qxf4 Rxf4 26. Ne3 Rd7 27. b3
Rd3 28. Rc1 g4 29. Nh2 h5 30. g3 Rf7 31. Nhf1 Ne5 32. Kg2 Rd8 33. Rc2 Nd3 34.
Re2 Re8 35. Kg1 Kh7 36. Rd2 Ne1 37. Rd5 Re5 38. Rd6 Nf3+ 39. Kg2 Ng5 40. Rd2 Ne4
41. Rc2 Nc5 42. Rb2 Re8 43. Kg1 Ref8 44. Nd1 Rd8 45. Nde3 Rd3 46. Rc2 Nxb3 47.
Nc4 Rc7 48. Nfe3 Nc5 49. Ne5 Rd8 50. a5 Ne4 51. c4 Rc5 52. f4 gxf3 53. Nxf3 Rd3
54. Re2 Rxa5 0-1

[Event "39th TCh-GRE"]
[Site "Eretria GRE"]
[Date "2011.07.04"]
[Round "2.11"]
[White "Lirindzakis, Timotheos"]
[Black "Asvestopoulos, Hristos"]
[Result "1-0"]
[WhiteTitle "IM"]
[WhiteElo "2338"]
[BlackElo "1901"]
[WhiteTeam "O.A.A. Heraklion"]
[BlackTeam "Peiraikos OS"]
[WhiteFideId "4200381"]
[BlackFideId "4215869"]
[EventDate "2011.07.03"]

1. d4 d5 2. c4 e6 3. Nf3 c6 4. Qc2 Nf6 5. g3 Bd6 6. Bg2 Nbd7 7. Nbd2 O-O 8. O-O
Re8 9. b3 Qc7 10. Bb2 b6 11. e4 Nxe4 12. Nxe4 dxe4 13. Qxe4 Nf6 14. Qc2 Bb7 15.
Rfe1 Rad8 16. Rad1 h6 17. Re2 Qc8 18. a3 c5 19. d5 exd5 20. Bxf6 gxf6 21. cxd5
Ba6 22. Re4 f5 23. Ree1 f4 24. Nh4 Qg4 25. Bf3 Qg5 26. Nf5 fxg3 27. hxg3 Be5 28.
d6 Bc8 29. Ne7+ Kf8 30. Nxc8 Bxg3 31. Rxe8+ Rxe8 32. fxg3 Qxg3+ 33. Qg2 Qxg2+
34. Kxg2 Rxc8 35. Bc6 Rd8 36. Kf3 f6 37. Kf4 Kf7 38. Kf5 Rf8 39. Re1 Rd8 40. d7 1-0

[Event "39th TCh-GRE"]
[Site "Eretria GRE"]
[Date "2011.07.04"]
[Round "2.11"]
[White "Korou, Laskarina"]
[Black "Sperdokli, Elli"]
[Result "1-0"]
[BlackTitle "WFM"]
[WhiteElo "1921"]
[BlackElo "2127"]
[WhiteTeam "Peiraikos OS"]
[BlackTeam "O.A.A. Heraklion"]
[WhiteFideId "4204832"]
[BlackFideId "4205456"]
[EventDate "2011.07.03"]

1. e4 c5 2. Nf3 d6 3. d4 cxd4 4. Qxd4 Nc6 5. Bb5 Bd7 6. Bxc6 Bxc6 7. Nc3 Nf6 8.
Bg5 e6 9. O-O-O Be7 10. Rhe1 O-O 11. e5 dxe5 12. Qh4 Qc7 13. Nxe5 Rfe8 14. Rd3
Bd8 15. Rh3 Kf8 16. Bf4 Qa5 17. g4 Rc8 18. g5 Nd5 19. Bd2 Nxc3 20. Qxh7 Nxa2+
21. Kd1 Qb5 22. Rb3 Qd5 23. Qh8+ Ke7 24. Qxg7 Rf8 25. Ng6+ 1-0

[Event "39th TCh-GRE"]
[Site "Eretria GRE"]
[Date "2011.07.04"]
[Round "2.11"]
[White "Kolomvakis, Stelios"]
[Black "Poulopoulos, Ioannis"]
[Result "1-0"]
[WhiteElo "1752"]
[BlackElo "1923"]
[WhiteTeam "O.A.A. Heraklion"]
[BlackTeam "Peiraikos OS"]
[WhiteFideId "4217500"]
[BlackFideId "4218078"]
[EventDate "2011.07.03"]

1. d4 Nf6 2. c4 e6 3. Nc3 Bb4 4. Qc2 d5 5. Bg5 h6 6. Bh4 c5 7. cxd5 exd5 8. e3
Nc6 9. Bb5 Bd7 10. Ne2 g5 11. Bg3 Qe7 12. O-O c4 13. a3 Bd6 14. Bxd6 Qxd6 15. e4
Nxe4 16. Nxe4 dxe4 17. Qxe4+ Qe6 18. Qc2 Na5 19. Qc3 Bxb5 20. d5 Qd6 21. Qxh8+
Qf8 22. Qxf8+ Kxf8 23. Nc3 Bd7 24. Rad1 Re8 25. Rfe1 Nb3 26. Ne4 a6 27. Nf6
Rxe1+ 28. Rxe1 Nc5 29. Nxd7+ Nxd7 30. d6 b6 31. h4 Nc5 32. Kh2 Ne6 33. d7 Ke7
34. Rd1 gxh4 35. Kh3 Kd8 36. Kxh4 Nc5 37. Kh5 Nd3 38. Rd2 Kxd7 39. Kxh6 Ke6 40.
Kg5 f6+ 41. Kg4 b5 42. Re2+ Ne5+ 43. Kf4 a5 44. Ke4 Kd6 45. f4 Nc6 46. Rd2+ Kc5
47. Rd5+ Kb6 48. g4 b4 49. a4 Na7 50. Kd4 c3 51. bxc3 1-0

[Event "39th TCh-GRE"]
[Site "Eretria GRE"]
[Date "2011.07.04"]
[Round "2.11"]
[White "Alexakis, Georgios"]
[Black "Kelires, Andreas"]
[Result "0-1"]
[WhiteElo "1561"]
[BlackElo "1825"]
[WhiteTeam "Peiraikos OS"]
[BlackTeam "O.A.A. Heraklion"]
[WhiteFideId "4255038"]
[BlackFideId "5900727"]
[EventDate "2011.07.03"]

1. d4 Nf6 2. Nf3 e6 3. Bf4 b6 4. e3 Bb7 5. Bd3 Be7 6. O-O O-O 7. c3 d6 8. Re1 c5
9. h3 Nc6 10. Qc2 Rc8 11. Qe2 Nd7 12. Bb5 e5 13. dxe5 dxe5 14. Bxc6 Bxc6 15.
Nxe5 Nxe5 16. Bxe5 Qd5 17. f4 f6 18. c4 Qxg2+ 19. Qxg2 Bxg2 20. Bd6 Bxd6 21.
Kxg2 g5 22. Kf3 Kf7 23. Nc3 a6 24. Rad1 Rfd8 25. Ne4 Be7 26. a4 gxf4 27. exf4
Rd4 28. Rxd4 cxd4 29. b3 Rd8 30. Rd1 a5 31. Ng3 Kg6 32. Rg1 Bc5 33. Ne4+ Kf7 34.
Rd1 Re8 35. Rd3 h6 36. Ng3 Kg6 37. Ne2 Rd8 38. Ng3 f5 39. Ne2 Rd7 40. Ng3 Rd8
41. Ne2 Kf6 42. Ng3 Kg6 43. Ne2 h5 44. Ng3 h4 45. Nf1 Re8 46. Nd2 Kf6 47. Nf1
Re1 48. Kf2 Re4 49. Nd2 Re3 50. Rxe3 dxe3+ 51. Ke2 exd2 52. Kxd2 Ke6 53. Kd3 Kd6
54. Ke2 Bg1 55. Kd3 Kc5 56. Kc3 Bh2 0-1

[Event "39th TCh-GRE"]
[Site "Eretria GRE"]
[Date "2011.07.04"]
[Round "2.12"]
[White "Petr, Martin"]
[Black "Mouroutis, Konstantinos"]
[Result "1-0"]
[WhiteTitle "GM"]
[WhiteElo "2523"]
[BlackElo "2257"]
[WhiteTeam "CC Amfissa"]
[BlackTeam "CC Patron"]
[WhiteFideId "318299"]
[BlackFideId "4204689"]
[EventDate "2011.07.03"]

1. e4 c5 2. Nf3 Nc6 3. d4 cxd4 4. Nxd4 e5 5. Nb5 a6 6. Nd6+ Bxd6 7. Qxd6 Qf6 8.
Qd1 Qg6 9. Nc3 Nf6 10. Qd6 Ng4 11. Qxg6 hxg6 12. Nd5 Rb8 13. f3 Nxh2 14. Kd1 d6
15. Bd3 Rh4 16. Bg5 Rh5 17. Bd2 Be6 18. Nc7+ Kd7 19. Nxe6 Kxe6 20. c3 f5 21. Ke2
Rbh8 22. Be3 f4 23. Bb6 g5 24. Rad1 R5h6 25. Bc4+ Ke7 26. Rd3 Rc8 27. Bd5 Ng4
28. Rxh6 Nxh6 29. b4 g4 30. a4 g3 31. b5 axb5 32. axb5 Nd8 33. Bxd8+ Rxd8 34.
Bxb7 Ng8 35. Rd2 Ke6 36. Bd5+ Kf6 37. Bxg8 Rxg8 38. Rxd6+ Ke7 39. Rd5 Ke6 40. c4
Ra8 41. b6 Ra2+ 42. Kd3 Rb2 43. c5 g5 44. Rd6+ Kf7 45. Kc3 Rb5 46. c6 Rxb6 47.
c7 Rxd6 48. c8=Q Ke7 49. Qf5 Re6 50. Kc4 Kd6 51. Qf8+ Re7 52. Qf6+ Re6 53. Qd8+ 1-0

[Event "39th TCh-GRE"]
[Site "Eretria GRE"]
[Date "2011.07.04"]
[Round "2.12"]
[White "Kanellopoulos, Panayotis"]
[Black "Balaskas, Panayotis"]
[Result "1-0"]
[WhiteElo "2260"]
[BlackElo "2043"]
[WhiteTeam "CC Patron"]
[BlackTeam "CC Amfissa"]
[WhiteFideId "4205928"]
[BlackFideId "4201302"]
[EventDate "2011.07.03"]

1. c4 c5 2. g3 Nc6 3. Bg2 g6 4. Nc3 Bg7 5. Nf3 f5 6. d3 Nf6 7. Rb1 O-O 8. a3 d6
9. O-O Nh5 10. Nd5 e6 11. Nc3 h6 12. Ne1 f4 13. Ne4 fxg3 14. hxg3 d5 15. cxd5
exd5 16. Nc3 Be6 17. Bd2 Kh7 18. Nf3 Qd6 19. Nb5 Qe7 20. Qc2 Rad8 21. Nc3 Bg4
22. Rfe1 b6 23. b4 cxb4 24. Nxd5 Qd6 25. Qc4 Bxf3 26. Bxf3 Ne5 27. Bxb4 Nxc4 28.
Bxd6 Nxd6 29. Rec1 Nf6 30. Nb4 Nf5 31. Nc6 Rd7 32. Ne5 Re7 33. Nc6 Rc7 34. Rc4
Rfc8 35. Rbc1 b5 36. R4c2 Bf8 37. e4 Ne7 38. e5 Nd7 39. d4 Nb8 40. d5 Nexc6 41.
d6 Rg7 42. Bxc6 Nxc6 43. Rxc6 Rd8 44. Rc8 Rxd6 45. exd6 Bxd6 46. R1c3 Rb7 47.
Rd3 Be7 48. Rdc3 Bd6 49. R8c6 Bb8 50. Ra6 Bc7 51. Re6 Bb6 52. Kg2 Rf7 53. f3 h5
54. Rcc6 Rd7 55. Rxg6 Rd2+ 56. Kh3 Rd3 57. f4 Bf2 58. Rh6+ Kg7 59. Rcg6+ Kf7 60.
f5 Rxa3 61. Rh7+ Kf8 62. Kg2 Be1 63. Rc6 Kg8 64. Re7 Rxg3+ 65. Kf1 Rc3 66. Rd6
Rf3+ 67. Kxe1 Rxf5 68. Rd8+ Rf8 69. Rxf8+ Kxf8 70. Rxa7 1-0

[Event "39th TCh-GRE"]
[Site "Eretria GRE"]
[Date "2011.07.04"]
[Round "2.12"]
[White "Toumbeli, Zoi"]
[Black "Olsarova, Karolina"]
[Result "1/2-1/2"]
[BlackTitle "WIM"]
[WhiteElo "1951"]
[BlackElo "2282"]
[WhiteTeam "CC Patron"]
[BlackTeam "CC Amfissa"]
[WhiteFideId "4208803"]
[BlackFideId "320242"]
[EventDate "2011.07.03"]

1. d4 d5 2. Nf3 Nf6 3. c3 e6 4. Bg5 Be7 5. e3 O-O 6. Nbd2 Nbd7 7. Bd3 c5 8. O-O
b6 9. Ne5 Bb7 10. Ndf3 h6 11. Bh4 Nxe5 12. Nxe5 Nd7 13. Bxe7 Qxe7 14. Nxd7 Qxd7
15. a4 Qc7 16. Qg4 a5 17. Bb5 Ba6 18. Bxa6 Rxa6 19. Qe2 Ra7 20. Rfc1 Rc8 21. h3
cxd4 22. exd4 Qd6 23. Qb5 Rac7 24. Re1 Rc6 25. Re2 Qf4 26. Rae1 g6 27. Qd3 Kg7
28. Qe3 Qxe3 29. fxe3 f5 30. Rf2 Kf6 31. g3 Re8 32. Kf1 e5 33. Rfe2 e4 34. Rf2
Ke6 35. Ke2 Rc4 36. Ra1 g5 37. Kd2 Rf8 38. b3 Rc7 39. Raf1 Rcf7 40. Ke2 Rc8 41.
Kd2 Rcf8 42. Ke2 Rc8 1/2-1/2

[Event "39th TCh-GRE"]
[Site "Eretria GRE"]
[Date "2011.07.04"]
[Round "2.12"]
[White "Kazaglis, Dimitrios-Stefanos"]
[Black "Terzis, Filippos-Stamatis"]
[Result "0-1"]
[WhiteElo "1690"]
[BlackElo "1713"]
[WhiteTeam "CC Amfissa"]
[BlackTeam "CC Patron"]
[WhiteFideId "4231112"]
[BlackFideId "4227670"]
[EventDate "2011.07.03"]

1. d4 Nf6 2. Nf3 e6 3. Bg5 Be7 4. Nbd2 d5 5. e3 O-O 6. Bd3 Nbd7 7. O-O c5 8. c3
b6 9. Qe2 Bb7 10. Ne5 Nxe5 11. dxe5 Nd7 12. Bxe7 Qxe7 13. f4 f5 14. exf6 Nxf6
15. Nf3 Bc6 16. Ne5 Be8 17. g4 Nd7 18. Nf3 Nf6 19. Qg2 Rd8 20. Rae1 b5 21. h4 c4
22. Bc2 b4 23. Ne5 bxc3 24. bxc3 Qa3 25. g5 Nh5 26. Bxh7+ Kxh7 27. g6+ Kg8 28.
Qg4 Rf5 29. Nf3 Nf6 30. Qh3 Bxg6 31. Nd4 Qxc3 32. Nxe6 Re8 33. Nd4 Rh5 34. f5
Bf7 35. Kh1 Re4 0-1

[Event "39th TCh-GRE"]
[Site "Eretria GRE"]
[Date "2011.07.04"]
[Round "2.13"]
[White "Naiditsch, Arkadij"]
[Black "Zenelis, Konstantinos"]
[Result "1-0"]
[WhiteTitle "GM"]
[WhiteElo "2706"]
[BlackElo "2179"]
[WhiteTeam "SK. AK. Chalkidos Palamidis The Evvoefs"]
[BlackTeam "Papagou"]
[WhiteFideId "4650891"]
[BlackFideId "4204107"]
[EventDate "2011.07.03"]

1. c4 e5 2. Nc3 Nc6 3. g3 g6 4. Bg2 Bg7 5. Rb1 a5 6. a3 Nf6 7. Nf3 d6 8. O-O O-O
9. d3 Nd4 10. Nd2 c6 11. b4 axb4 12. axb4 Bd7 13. e3 Ne6 14. Bb2 Qc7 15. Qb3
Rfd8 16. Rfc1 Qb8 17. Ra1 Rxa1 18. Rxa1 Be8 19. Ra5 Nd7 20. f4 Qc7 21. Nf1 Ndc5
22. Qc2 Na6 23. Ra4 Qb6 24. fxe5 Nxb4 25. Qb3 c5 26. Ra3 dxe5 27. Nd5 Nxd5 28.
Bxd5 Qxb3 29. Rxb3 Bc6 30. Bxc6 bxc6 31. Nd2 f5 32. Bc1 e4 33. dxe4 fxe4 34. Kf2
Ng5 35. Ke2 Re8 36. Rb6 Re6 37. Ba3 Bf8 38. Nb3 Nf3 39. Bxc5 Ne5 40. Rb8 Rf6 41.
Bd4 Rf5 42. Nd2 c5 43. Bc3 Rh5 44. h4 Kf7 45. Nxe4 Nxc4 46. Rb7+ Ke6 47. Ng5+
Kd5 48. e4+ Kc6 49. Ra7 h6 50. Nf3 g5 51. g4 Rxh4 52. Nxh4 gxh4 53. Rh7 h3 54.
Kf3 h2 55. Kg2 Bd6 56. Rxh6 Kd7 57. g5 Ne3+ 58. Kf3 Nf1 59. e5 Bf8 60. Rh7+ Ke6
61. Kf2 1-0

[Event "39th TCh-GRE"]
[Site "Eretria GRE"]
[Date "2011.07.04"]
[Round "2.13"]
[White "Kourousis, Epaminondas"]
[Black "Kaloskambis, Mihail"]
[Result "0-1"]
[WhiteElo "2273"]
[BlackElo "2011"]
[WhiteTeam "SK. AK. Chalkidos Palamidis The Evvoefs"]
[BlackTeam "Papagou"]
[WhiteFideId "4211626"]
[BlackFideId "4203569"]
[EventDate "2011.07.03"]

1. d4 f5 2. g3 Nf6 3. Bg2 g6 4. Nf3 Bg7 5. O-O O-O 6. c4 d6 7. Nc3 Nc6 8. d5 Na5
9. Nd2 c5 10. e4 fxe4 11. Ncxe4 Nxe4 12. Bxe4 Bh3 13. Bg2 Qd7 14. Qe2 Rae8 15.
Nb3 Nxb3 16. axb3 a6 17. Re1 Bd4 18. Be3 Bxg2 19. Kxg2 e5 20. Rad1 Bxe3 21. Qxe3
Rf5 22. b4 cxb4 23. c5 Ref8 24. Re2 Rh5 25. h4 dxc5 26. Qxc5 Qg4 27. Qe3 Rxh4
28. Kg1 Rh5 29. Rd3 Rhf5 30. f3 Qxg3+ 31. Rg2 Qh4 32. d6 Rxf3 33. Rxg6+ hxg6 34.
Qxf3 Qe1+ 35. Kg2 0-1

[Event "39th TCh-GRE"]
[Site "Eretria GRE"]
[Date "2011.07.04"]
[Round "2.13"]
[White "Tsounis, Serafim"]
[Black "Georgantas, Antonios1"]
[Result "1-0"]
[WhiteElo "1806"]
[BlackElo "1729"]
[WhiteTeam "SK. AK. Chalkidos Palamidis The Evvoefs"]
[BlackTeam "Papagou"]
[WhiteFideId "4238346"]
[BlackFideId "4212894"]
[EventDate "2011.07.03"]

1. d4 d5 2. c4 e6 3. Nc3 c6 4. Nf3 f5 5. e3 Nf6 6. Qc2 Bd6 7. b3 O-O 8. Bb2 Ne4
9. Ne5 Nd7 10. Be2 Qh4 11. g3 Qf6 12. f3 Ng5 13. h4 Nf7 14. f4 Bxe5 15. dxe5 Qe7
16. g4 fxg4 17. O-O-O h5 18. Qg6 Nh6 19. Bd3 Nf5 20. Qxh5 Nc5 21. Bxf5 Rxf5 22.
Qxg4 Qf7 23. h5 Kh7 24. Ne2 Ne4 25. Rh2 a5 26. Nd4 a4 27. Rg1 axb3 28. Qg6+ Kg8
29. Nxf5 exf5 30. axb3 dxc4 31. Qxf7+ Kxf7 32. e6+ Kxe6 33. Rg6+ Kd5 34. bxc4+
Kxc4 35. Rxg7 Be6 36. h6 Kd3 37. h7 Kxe3 38. h8=Q Rxh8 39. Rxh8 Kxf4 40. Rxb7
Ke3 41. Kc2 Bd5 42. Rh4 Nd6 43. Re7+ Be4+ 44. Kb3 Nb5 45. Kc4 Ke2 46. Kc5 Kd3
47. Rh2 Ke3 48. Rh6 Kd3 49. Rxc6 Bxc6 50. Kxc6 Nd4+ 51. Kc5 Nb3+ 52. Kd5 f4 53.
Rb7 Nd2 54. Bd4 Nf3 55. Rb3+ Ke2 56. Rb2+ Kd3 57. Be5 Ke3 58. Rb3+ Kf2 59. Bxf4
Nd2 60. Bxd2 1-0

[Event "39th TCh-GRE"]
[Site "Eretria GRE"]
[Date "2011.07.04"]
[Round "2.14"]
[White "Aggelis, Nikolaos"]
[Black "Berzinsh, Roland"]
[Result "1/2-1/2"]
[WhiteTitle "FM"]
[BlackTitle "IM"]
[WhiteElo "2294"]
[BlackElo "2434"]
[WhiteTeam "Kallithea CC"]
[BlackTeam "Ilioupolis CC"]
[WhiteFideId "4213220"]
[BlackFideId "11600357"]
[EventDate "2011.07.03"]

1. Nf3 c5 2. g3 d5 3. Bg2 Nc6 4. d4 Nf6 5. O-O e6 6. c4 Be7 7. cxd5 exd5 8. dxc5
Bxc5 9. Nc3 O-O 10. Bg5 d4 11. Ne4 Be7 12. Nxf6+ Bxf6 13. Qd2 Bg4 14. Rfe1 h6
15. Bxf6 Qxf6 16. h3 Bh5 17. b4 a6 18. Rad1 Rad8 19. Qb2 b5 20. Rd3 Bxf3 21.
Rxf3 Qe7 22. Ra3 Ne5 23. Qb1 Qd6 24. Rd1 Rfe8 25. e3 Qb6 26. exd4 Rxd4 27. Re3
Red8 28. Rxd4 Qxd4 29. Qe4 Qa1+ 30. Re1 Rd1 31. Rxd1 Qxd1+ 32. Kh2 1/2-1/2